01719nam a2200373 a 4500001001000000003000500010005001700015008004100032010001100073011001100084040000900095090001000104100003500114245025700149260004100406500006000447502008100507590004100588590004100629590004100670590003900711590003900750590003900789650003500828650005000863650004400913856007000957901000701027942001001034942000601044999001901050952013601069952014001205000108783CHAP20220329144024.0140311s2012 mx | |sm |||||||spa|d a105245 a106217 cCHAP aTesis1 aSoto Torres, Giovannie912582110aPercepciones sobre la relación ser humano naturaleza y sobre los modelos agrícolas industrial alternativo por parte de los agrónomos del servicio de extensión agrícola de la Universidad de Puerto Ricoh[En línea]cpor Giovannie Soto Torres. aChapingo, Méx. :bEl autor,c2012. aPara ver el contenido del material haga clic en la liga aTesis (Ph.D. en Ciencias Agrarias) -- UACH. Departamento de Sociologia Rural aBATCH-UPDb10c20140324lUCH01h1536 aBATCH-UPDb10c20141002lUCH01h0857 aE11695DGDb10c20140317lUCH01h1336 aE792CSJb05c20140311lUCH01h1413 aE792CSJb05c20140311lUCH01h1415 aE792CSJb05c20140312lUCH01h092514aAgricultura alternativa.9194314aAgricultura sustentablezPuerto Rico.912585314aAgriculturaxIndustrialización.91560 aFinding aiduhttp://10.13.5.2/tesis/sist108783.pdfzTeclea aquí aBK cTESIS n0 c105245d105245 00104054718TESISaBCbBCd2014-03-11fTESISl0oTesisp33724002354116r2019-12-31 00:00:00w2019-12-31yTESISzRecien adquirido 00102local4053708TESISaBCbBCcPA_TESISd2014-03-11fTESISl0oTesisp33724002354157r2019-12-31 00:00:00tc.2w2019-12-31yTESIS